| 000 | 01492nam a2200181Ia 4500 | ||
|---|---|---|---|
| 008 | 181130s2018 xx 000 0 und d | ||
| 100 | _aBallart, Xavier | ||
| 245 |
_aPublic or nonprofit?: _bcareer preferences and dimensions of public service motivation |
||
| 260 | _c2018 | ||
| 300 | _ap.404-420. | ||
| 520 | _aWhile the foundational claim that PSM attracts individuals to the public sector is well established in the research literature, much uncertainty still exists about its influence on the choice between the public versus the nonprofit sector, which also frequently exhibits a strong public service mission. Little is known also about how discrete dimensions of PSM differ in their effects on such job preferences. This article addresses these shortcomings by drawing on a study that combines the measurement of separate dimensions of PSM with a policy?capturing design that allows disentangling the effects of sector from those of other job attributes that usually correlate with it: the service orientation of the job and job security. Results show that dimensions of PSM display relevant differences in their effects on preferences across job attributes. These findings have important implications for the choice of PSM measurements in scholarly research and job selection. - Reproduced. | ||
| 650 | _aCivil service | ||
| 650 | _aMotivation | ||
| 650 | _aPublic service motivation | ||
| 700 | _aRico, Guillem | ||
| 773 | _aPublic Administration | ||
| 906 | _aCivil service | ||
| 999 |
_c506878 _d506878 |
||